| 000 | 00479nam a2200205Ia 4500 | ||
|---|---|---|---|
| 003 | OSt | ||
| 005 | 20250704135923.0 | ||
| 008 | 210210b1990 xxu||||| |||| 00| 0 eng d | ||
| 040 | _cAL | ||
| 041 | _aeng | ||
| 082 | _a537 SEHE | ||
| 100 |
_aSehgal D L and others _948862 |
||
| 245 | _aElectricity and magnetism | ||
| 250 | _a4 | ||
| 260 |
_aN D _bSultan Chand & Sons _c1990 |
||
| 300 | _axiii,2.465p. | ||
| 690 |
_aElectricity _948863 |
||
| 906 | _a045577 | ||
| 942 |
_2ddc _cBK |
||
| 999 |
_c94701 _d94701 |
||